| 000 | 00510nam a22001457a 4500 | ||
|---|---|---|---|
| 008 | 150430b xxu||||| |||| 00| 0 eng d | ||
| 050 | _aDT2994.W489 2008 | ||
| 100 |
_aWermter, Oskar. _915199 |
||
| 245 |
_aZimbabwe facing the truth - accepting responsibility : _bthe church in an environment of lawlessness _c/by Wermter, Oskar |
||
| 260 |
_aAachen _bMissio _c2008 |
||
| 300 |
_a100p. ; _c21cm. |
||
| 440 |
_aMissio _nno.29 _917605 |
||
| 650 |
_aZimbabwe _xPolitics _y1980 _917606 |
||
| 942 |
_2lcc _cMONOGRAPH |
||
| 999 |
_c122781 _d122781 |
||